Second jawaharlal Nehru memorial IFFCO lecture on cooperation (Record no. 477359)

000 -LEADER
fixed length control field 00448cam a22001337a 4500
008 - FIXED-LENGTH DATA ELEMENTS--GENERAL INFORMATION
fixed length control field 180718b1984 xxu||||| |||| 00| 0 eng d
082 ## - DEWEY DECIMAL CLASSIFICATION NUMBER
Classification number Z49x5 P973
100 ## - MAIN ENTRY--PERSONAL NAME
Personal name Puri, S.S.
245 ## - TITLE STATEMENT
Title Second jawaharlal Nehru memorial IFFCO lecture on cooperation
Statement of responsibility, etc. by S.S. Puri
260 ## - PUBLICATION, DISTRIBUTION, ETC.
Place of publication, distribution, etc. Delhi
Name of publisher, distributor, etc. Indian Farmers Fertiliser Cooperative Ltd.
Date of publication, distribution, etc. 1984
300 ## - PHYSICAL DESCRIPTION
Extent 23p.
500 ## - GENERAL NOTE
General note Lecture delivered on 14th Nov. 1984
650 ## - SUBJECT ADDED ENTRY--TOPICAL TERM
Topical term or geographic name entry element Agriculture, Cooperative - Asia
Holdings
Withdrawn status Lost status Damaged status Not for loan Permanent Location Current Location Date acquired Full call number Barcode Date last seen Price effective from Koha item type
        Indian Institute of Public Administration Indian Institute of Public Administration 2018-08-04 Z49x5 P973 GR11739 2018-08-04 2018-08-04 GR
        Indian Institute of Public Administration Indian Institute of Public Administration 2018-08-04 Z49x5 P973 GR11738 2018-08-04 2018-08-04 GR

Powered by Koha